000 00528nam a2200181Ia 4500
008 230917s9999||||xx |||||||||||||| ||und||
020 _cRS 675.00
040 _e5005255
_aMAIN
041 _aEnglish
082 _a657.48 M279F(6)
100 _aMaheshwari, S N
245 0 _aFinancial accounting: For BCom of CBSE and foundation courses of CA, CS and CMA
250 _a6th ed.
260 _aNoida
_bVikas Publishing House
_c2022
300 _av. p.
500 _a4764 13/12/2022 IF23/1055 19/01/2023 Main Budget
942 _cBK
999 _c6972
_d6972